000 01124nam a2200241 4500
001 112267
003 ES-MaACL
005 20250401124255.0
007 t|
008 061121s1921 sp r ||||1| spa d
080 _a94(64)"1912/56"
100 1 _aNido y Torres, Manuel del.
_985617
245 1 0 _aMisión política y táctica de las fuerzas indígenas en nuestra zona de penetración al Norte de Marruecos
_b: cooperación y articulación táctica de las tropas europeas con las antedichas, en un Ejército colonial probable /
_cManuel del Nido y Torres.
260 _aCeuta :
_b[s. n.],
_c1921 (
_fImp. del Regimiento del Serrallo)
300 _a158 p. ;
_c22 cm.
530 _aDisponible también en sitio web.
651 4 _aMarruecos-
_xHistoria-
_y1912-1956, Protectorado español.
_99029
852 _aES-MaACL
_j1653-F-11
_9116511
_cDEPOF
852 _aES-MaACL
_j1625-F-23
_9116511
_cDEPOF
_zRevisado enlace: 01 de Abril de 2025
856 _uhttp://bibliotecadigitalhispanica.bne.es:80/webclient/DeliveryManager?pid=1933300&custom_att_2=simple_viewer
_yIr a la página
942 _2udc
999 _c112267
_d112267